00776cam a2200241 a 450000100060000000300080000600500170001400800410003102000220007203500190009403500110011304000270012404100080015108200280015924500300018726000710021730000200028849000560030850400280036465000410039271000520043383000490048546140BD-RjUL20211209054119.0160731s1976 dcu b 00000 eng  a0899590489c$2.00 a(BD-RjUL)46258 a162870 aANLbengdANLcBD-RjUL aeng0 a324.0973219bCHO 1976 00aChoosing the president /  aWashington, D.C. :bLeague of Women Voters Education Fund,cc1976. a95 p. ;c22 cm.1 aPublication / The League of Women Voters ;vno. 606 aBibliography: p. 92-95. 0aPresidentszUnited StatesxElection.2 aLeague of Women Voters (U.S.).bEducation Fund. 0aPub. (League of Women Voters (U.S.) no. 606)